The Oxford handbook of suicide and self-injury /
| Other Authors: | |
|---|---|
| Format: | Book |
| Language: | English |
| Published: |
New York :
Oxford University Press,
[2014]
|
| Series: | Oxford library of psychology.
|
| Subjects: | |
| Online Access: | Contributor biographical information Publisher description Table of contents only |
MARC
| Tag | First Indicator | Second Indicator | Subfields |
|---|---|---|---|
| LEADER | 00000cam a2200000 i 4500 | ||
| 001 | in00003484521 | ||
| 005 | 20151206102549.0 | ||
| 008 | 130114t20142014nyua b 001 0 eng | ||
| 010 | |a 2012050013 | ||
| 020 | |a 9780195388565 | ||
| 020 | |a 0195388569 | ||
| 035 | |a (OCoLC)ocn824670851 | ||
| 040 | |a DLC |e rda |c DLC |d UtOrBLW | ||
| 049 | |a TXAM | ||
| 050 | 0 | 0 | |a HV6545 |b .O9394 2014 |
| 082 | 0 | 0 | |a 362.28 |2 23 |
| 245 | 0 | 4 | |a The Oxford handbook of suicide and self-injury / |c edited by Matthew K. Nock. |
| 264 | 1 | |a New York : |b Oxford University Press, |c [2014] | |
| 264 | 4 | |c ©2014 | |
| 300 | |a xvi, 516 pages ; |c 26 cm. | ||
| 336 | |a text |b txt |2 rdacontent | ||
| 337 | |a unmediated |b n |2 rdamedia | ||
| 338 | |a volume |b nc |2 rdacarrier | ||
| 490 | 1 | |a Oxford library of psychology | |
| 504 | |a Includes bibliographical references and index. | ||
| 505 | 0 | |a Introduction to the handbook / Matthew K. Nock -- Classification of self-injurious behaviors -- Classification and definition of self-injurious behavior / Kelly Posner -- Distinguishing between suicidal and non-suicidal self-injury / Jennifer J. Muehlenkamp -- Should we expand the conceptualization of self-injurious behavior? : rationale, review and recommendations / Jill M. Hooley and Sarah St. Germain -- Phenomenology and epidemiology -- Suicidal behaviors among children and adolescents / Christianne Esposito-Smythers, Julie Weismoore, Rupa P. Zimmermann, and Anthony Spirito -- Suicidal behaviors among adults / Eve K. Moscicki -- Person-centered prevention of suicide among older adults / Paul R. Duberstein and Marnin J. Heisel -- Non-suicidal self-injury across the lifespan / Janis Whitlock and Matthew Selekman -- Approaches to understanding self-injurious behaviors -- Genetic and neurobiological approaches to understanding suicidal behaviors / Laura M. Fiori, Carl Ernst, and Gustavo Turecki -- Developmental approaches to understanding suicidal and self-injurious behaviors / Sheila E. Crowell, Christina M. Derbidge, and Theodore P. Beauchaine -- Social and ecological approaches to suicidal behaviors and nonsuicidal self-injury (nssi) / Nicole Heilbron, Joseph C. Franklin, John D. Guerry, and Mitchell J. Prinstein -- Cognitive and information processing approaches to understanding suicidal behaviors / Amy Wenzel and Megan Spokas -- Psychodynamics of suicide / Mark J. Goldblatt -- Racial/ethnic, spiritual/religious, and sexual orientation influences on suicidal behaviors / Regina M. Sherman, Barbara D'Orio, Miesha N. Rhodes, Stephanie Gantt, and Nadine J. Kaslow -- Comprehensive theories of suicidal behaviors / Edward A. Selby, Thomas E. Joiner Jr., and Jessica D. Ribeiro -- Comprehensive theoretical models of nssi / Colleen M. Jacobson and Kristen Batejan -- Assessment -- Core competencies, warning signs and a framework for suicide risk assessment in clinical practice / M. David Rudd -- Assessment of non-suicidal self-injury / E. David Klonsky and Stephen P. Lewis -- Prevention and intervention -- Prevention of suicidal behaviors / José M. Bertolote -- Psychological treatment of suicidal behaviors / Erin F. Ward-Ciesielski and Marsha M. Linehan -- The pharmacologic treatment of suicidal patients / Jan Fawcett and Katie A. Busch -- Prevention of non-suicidal self-injury / Nancy L. Heath, Jessica R. Toste, and Shannon-Dell MacPhee -- Psychological treatments for non-suicidal self-injury / Barbara Stanley, Virginia Fineran, and Beth Brodsky -- Pharmacologic treatment of nssi / Paul L. Plener and Gerhard Libal -- Special issues -- Overlap between suicidal behavior and interpersonal violence / Marc Hillbrand -- Suicide terrorism / Ellen Townsend -- Physician-assisted suicide and euthanasia / Agnes van der Heide -- Survivors of suicide / Holly Parker -- Conclusion to the handbook / Matthew K. Nock. | |
| 650 | 0 | |a Suicide. | |
| 650 | 0 | |a Suicide |x Psychology. | |
| 650 | 0 | |a Self-injurious behavior. | |
| 650 | 1 | 2 | |a Suicide |x psychology. |
| 650 | 2 | 2 | |a Self-Injurious Behavior. |
| 700 | 1 | |a Nock, Matthew, |e editor. | |
| 830 | 0 | |a Oxford library of psychology. | |
| 856 | 4 | 2 | |3 Contributor biographical information |u http://catdir.loc.gov/catdir/enhancements/fy1318/2012050013-b.html |t 0 |
| 856 | 4 | 2 | |3 Publisher description |u http://catdir.loc.gov/catdir/enhancements/fy1318/2012050013-d.html |t 0 |
| 856 | 4 | 1 | |3 Table of contents only |u http://catdir.loc.gov/catdir/enhancements/fy1318/2012050013-t.html |t 0 |
| 945 | |a PromptCat |b 843702 | ||
| 946 | |a stk | ||
| 947 | |a A14840661241 | ||
| 948 | |a cataloged |b h |c 2014/8/5 |d c |e dmitchel |f 8:30:20 am | ||
| 994 | |a 92 |b TXA | ||
| 999 | |a MARS | ||
| 999 | f | f | |s 92aab397-f7b4-3ea5-b0d9-0a41905e6040 |i 136aa9a8-9f8a-304e-9768-c6fe1ff04d3c |t 0 |
| 952 | f | f | |p normal |a Texas A&M University |b College Station |c Sterling C. Evans Library |d Evans: Library Stacks |t 0 |e HV6545 .O9394 2014 |h Library of Congress classification |i unmediated -- volume |m A14840661241 |
| 998 | f | f | |a HV6545 .O9394 2014 |t 0 |l Evans: Library Stacks |